| 000 | 00000nam##2200000za#4500 |
| 001 | 9.601475 |
| 003 | CaOODSP |
| 005 | 20210624210106 |
| 007 | cr ||||||||||| |
| 008 | 150406|2008||||xxc|||||o f|0| 0 fre|d |
| 022 | |a1919-5117 |
| 040 | |aCaOODSP|bfre |
| 043 | |an-cn--- |
| 086 | 1 |aFs70-6/2008-029F-PDF |
| 110 | 1 |aCanada. |bMinistère des pêches et des océans. |bRégion de la capitale nationale. |
| 245 | 10|aAutres directives sur la formulation, la priorisation et l'utilisation des objectifs de conservation pour la gestion écosystémique intégrée des activités humaines dans les écosystèmes aquatiques |h[ressource électronique] |
| 246 | 17|aRégion de la capitale nationale : objectifs de conservation pour la gestion écosystémique intégrée des activités humaines dans les écosystèmes aquatiques |
| 260 | |aOttawa - Ontario : |bPêches et Océans Canada. |cMai 2009. |
| 300 | |a14p.|bcarte en couleur, références |
| 490 | 1 |aSecrétariat canadien de consultation scientifique, avis scientifique |x1919-5117|v2008/029, Région de la capitale nationale |
| 590 | |a11-21-Supp|b2011-09-30 |
| 775 | 08|tFurther guidance on the formulation, prioritization, and use of conservation objectives in an ecosystem approach to integrated management of human activities in aquatic ecosystems |w(CaOODSP)9.570831 |
| 830 | #0|aAvis scientifique (Secrétariat canadien de consultation scientifique)|x1919-5117|v2008/029, Région de la capitale nationale|w(CaOODSP)9.502624 |
| 856 | 40|ahttp://publications.gc.ca|qPDF|s92 Ko|uhttps://publications.gc.ca/collections/collection_2011/mpo-dfo/Fs70-6-2008-029-fra.pdf|y2008/029, Région de la capitale nationale |